[Event "34.Schlosspark-Open"]
[Site "Wiesbaden-Biebrich"]
[Date "2025.08.28"]
[Round "1.84"]
[White "Jakob, Steffen"]
[Black "Duizendstra, Ben"]
[Result "0-1"]
[WhiteElo "1918"]
[BlackElo "1591"]
[PlyCount "80"]
[EventDate "2025.08.28"]
[WhiteTeam "Sges Bensheim 1931"]
[BlackTeam "SK Bad Schwalbach"]

1. d4 Nf6 2. Nc3 d5 3. Bf4 Bf5 4. e3 e6 5. Nf3 Bb4 6. Bd3 Ne4 7. O-O Bxc3 8. bxc3 Nxc3 9. Qd2 Ne4 10. Qb4 b6 11. Bb5+ c6 12. Bxb8 cxb5 13. Qxb5+ Qd7 14. Qxd7+ Kxd7 15. Bg3 Nxg3 16. Ne5+ Ke7 17. fxg3 f6 18. Nd3 Rhc8 19. Rf2 Rc3 20. Re2 Rac8 21. Ne1 Bxc2 22. Nxc2 Rxc2 23. Rae1 Kd6 24. Kf2 a5 25. a4 R8c4 26. Ra1 e5 27. dxe5+ fxe5 28. Ra2 Rxa2 29. Rxa2 e4 30. Ke2 Kc5 31. g4 b5 32. axb5 Kxb5 33. Rb2+ Rb4 34. Rd2 Kc4 35. Kd1 a4 36. Kc2 a3 37. Kc1 Kb3 38. Rxd5 a2 39. Ra5 Rc4+ 40. Kd1 Ra4 0-1

[Event "34.Schlosspark-Open"]
[Site "Wiesbaden-Biebrich"]
[Date "2025.08.28"]
[Round "1.85"]
[White "Wolf, Aurelia"]
[Black "Burkhardt, Jan"]
[Result "0-1"]
[WhiteElo "1589"]
[BlackElo "1915"]
[PlyCount "58"]
[EventDate "2025.08.28"]
[WhiteTeam "SK Bad Homburg 1927"]
[BlackTeam "Sfr.Mainz 1928"]

1. e4 e5 2. Nf3 Nc6 3. Bc4 Bc5 4. c3 Nf6 5. d4 exd4 6. cxd4 Bb4+ 7. Nbd2 d5 8. exd5 Nxd5 9. h3 O-O 10. O-O Nf6 11. Nb3 Bf5 12. a3 Bd6 13. d5 Ne7 14. Nfd4 Be4 15. Nb5 Bxd5 16. Bxd5 Nexd5 17. Bg5 c6 18. Nxd6 Qxd6 19. Be3 Rfd8 20. Bc5 Qe5 21. Re1 Qg5 22. Qc2 Nf4 23. g3 Nxh3+ 24. Kh2 Qh5 25. Kg2 Ng5 26. Qf5 Rd5 27. Qf4 Qh3+ 28. Kg1 Rf5 29. Qh4 Nf3# 0-1

[Event "34.Schlosspark-Open"]
[Site "Wiesbaden-Biebrich"]
[Date "2025.08.28"]
[Round "1.86"]
[White "Kobs, Stephan"]
[Black "Chen, Lilly"]
[Result "1-0"]
[WhiteElo "1915"]
[BlackElo "1567"]
[PlyCount "129"]
[EventDate "2025.08.28"]
[WhiteTeam "TSG 1846 Bretzenheim/ZMO"]
[BlackTeam "Sfr Stiller Zug Wiesbaden"]

1. e4 Nf6 2. e5 Nd5 3. d4 d6 4. c4 Nb6 5. exd6 cxd6 6. Nc3 g6 7. Be3 Bg7 8. h3 O-O 9. Rc1 Nc6 10. Nf3 h6 11. Qd2 Kh7 12. d5 Nb8 13. Bd3 e6 14. O-O exd5 15. cxd5 N8d7 16. Nb5 Nf6 17. Nc7 Rb8 18. Bxb6 axb6 19. Qb4 Nd7 20. Qxd6 Nc5 21. Qxd8 Rxd8 22. Bc4 Bxb2 23. Rb1 Rd7 24. Rxb2 Rxc7 25. Rxb6 Na4 26. Rb4 b5 27. Rxb5 Rxb5 28. Bxb5 Nc3 29. d6 Ra7 30. a4 Nxb5 31. axb5 Rb7 32. Rd1 f6 33. Rc1 Bd7 34. Rc7 Rxc7 35. dxc7 Kg7 36. Nd4 Kf7 37. Nc6 Ke6 38. Na7 Kd6 39. c8=Q Bxc8 40. Nxc8+ Kc5 41. Ne7 g5 42. g4 Kxb5 43. Nf5 Kc5 44. Nxh6 Kd5 45. Kg2 Ke5 46. Kf3 Kd4 47. Nf5+ Ke5 48. h4 gxh4 49. Nxh4 Ke6 50. Kf4 Kf7 51. Kf5 Kg7 52. Ng2 Kf7 53. Ne3 Kg7 54. Nd5 Kf8 55. Nxf6 Kg7 56. Nh5+ Kf7 57. g5 Kf8 58. Kf6 Kg8 59. f4 Kh7 60. g6+ Kh8 61. f5 Kg8 62. Ke7 Kh8 63. f6 Kg8 64. f7+ Kh8 65. f8=R# 1-0

[Event "34.Schlosspark-Open"]
[Site "Wiesbaden-Biebrich"]
[Date "2025.08.28"]
[Round "1.87"]
[White "Luber, Maximilian"]
[Black "Faulhaber, Tobias"]
[Result "0-1"]
[WhiteElo "1518"]
[BlackElo "1913"]
[PlyCount "58"]
[EventDate "2025.08.28"]
[WhiteTeam "SK Schwandorf"]
[BlackTeam "SC Schifferstadt"]

1. e4 e6 2. d4 d5 3. e5 c5 4. c3 Qb6 5. Nf3 Nc6 6. Be2 Nh6 7. Be3 Qxb2 8. Nbd2 Qxc3 9. Rc1 Qa5 10. dxc5 Nf5 11. Bf4 Bxc5 12. O-O Be7 13. Nb3 Qb6 14. g4 Nh4 15. Nfd4 Bd7 16. Be3 Qd8 17. f4 O-O 18. Bb5 Nxd4 19. Nxd4 Re8 20. f5 Bxb5 21. Nxb5 exf5 22. gxf5 Qd7 23. Rc8 Raxc8 24. Nxa7 Rc4 25. f6 Bf8 26. Bb6 Qh3 27. Qe2 Rg4+ 28. Kh1 Rg2 29. Rf2 Qxh2# 0-1

[Event "34.Schlosspark-Open"]
[Site "Wiesbaden-Biebrich"]
[Date "2025.08.28"]
[Round "1.89"]
[White "Pfaff, Helmut"]
[Black "Stehning, Toni"]
[Result "0-1"]
[WhiteElo "1493"]
[BlackElo "1891"]
[PlyCount "92"]
[EventDate "2025.08.28"]
[WhiteTeam "Vorw.Orient Mainz"]
[BlackTeam "SF Braunfels"]

1. c4 e6 2. Nc3 d5 3. e4 d4 4. Nb5 c6 5. Na3 Nf6 6. d3 e5 7. Nf3 Na6 8. Bd2 Bg4 9. Be2 Bxf3 10. Bxf3 Nb4 11. Be2 a5 12. O-O Nd7 13. f4 f6 14. f5 Nc5 15. Bh5+ Kd7 16. Bxb4 axb4 17. Nb1 Qb6 18. b3 Kc7 19. Rf3 Ra5 20. Nd2 Qa7 21. Qc2 Ra3 22. Rff1 Be7 23. Rfb1 Ra8 24. Rb2 Kd7 25. Kf2 b5 26. Bf7 Kd6 27. Nf3 Kd7 28. h4 Nxe4+ 29. Ke2 Nc3+ 30. Ke1 Kc7 31. Bh5 Rd8 32. g4 e4 33. g5 exf3 34. Bxf3 bxc4 35. bxc4 b3 36. Rxb3 Rxb3 37. Qxb3 Rb8 38. Qc2 Qa3 39. Qc1 Qxc1+ 40. Rxc1 Rb2 41. a3 fxg5 42. h5 Bd6 43. Ra1 Bg3+ 44. Kf1 Rf2+ 45. Kg1 Rxf3 46. Kg2 Rxd3 0-1

[Event "34.Schlosspark-Open"]
[Site "Wiesbaden-Biebrich"]
[Date "2025.08.28"]
[Round "1.90"]
[White "Müller, Lutz"]
[Black "Shtogrin, Joseph Stephan"]
[Result "1-0"]
[WhiteElo "1911"]
[BlackElo "1483"]
[PlyCount "33"]
[EventDate "2025.08.28"]
[WhiteTeam "Sfr.Mainz 1928"]
[BlackTeam "SAbt TuS Makkabi Ffm"]

1. d4 d5 2. Nf3 Nf6 3. e3 Bg4 4. c4 e6 5. Qb3 Nc6 6. Ne5 Nxe5 7. dxe5 dxc4 8. Bxc4 Bb4+ 9. Nc3 Bxc3+ 10. bxc3 Nd5 11. Ba3 Nb6 12. O-O Rc8 13. f3 Nxc4 14. Qxc4 Bh5 15. Rad1 Qg5 16. f4 Qg6 17. Qc5 1-0

[Event "34.Schlosspark-Open"]
[Site "Wiesbaden-Biebrich"]
[Date "2025.08.28"]
[Round "1.91"]
[White "Hafner, Hans-Peter"]
[Black "Feick, Claas Marten"]
[Result "0-1"]
[WhiteElo "1458"]
[BlackElo "1872"]
[PlyCount "60"]
[EventDate "2025.08.28"]
[WhiteTeam "Sfr.Mainz 1928"]
[BlackTeam "SF Neuberg"]

1. e4 c5 2. Nf3 e6 3. d4 cxd4 4. Nxd4 Nc6 5. Be3 a6 6. Bd3 Qc7 7. O-O Nf6 8. Nc3 b5 9. a3 Bb7 10. Qd2 Ng4 11. Nf3 Bd6 12. g3 Nce5 13. Nxe5 Bxe5 14. f4 Nxe3 15. Qxe3 Bxc3 16. bxc3 Qxc3 17. f5 e5 18. Qg5 Qd4+ 19. Kg2 Bxe4+ 20. Bxe4 Qxe4+ 21. Kg1 Qd4+ 22. Kg2 Qd5+ 23. Kg1 Qc5+ 24. Kh1 Qc6+ 25. Kg1 Qh6 26. Qg4 Rc8 27. Rad1 Rxc2 28. h4 Qb6+ 29. Kh1 Qc6+ 30. Rf3 h5 0-1